América Latina: organizaciones no gubernamentales y endeudamiento /
Guardado en:
| Hovedforfatter: | |
|---|---|
| Format: | Texto |
| Fag: | |
| Tags: |
Tilføj Tag
Ingen Tags, Vær først til at tagge denne postø!
|
MARC
| LEADER | 00000 a a2200000 04500 | ||
|---|---|---|---|
| 001 | 3534 | ||
| 003 | |||
| 040 | |||
| 100 | |a Montero Contreras, Delia | ||
| 245 | |a América Latina: |b organizaciones no gubernamentales y endeudamiento / |c Delia Montero Contreras | ||
| 650 | |a ENDEUDAMIENTO | ||
| 650 | |a ORGANIZACIONES NO GUBERNAMENTALES | ||
| 650 | |a DEUDA EXTERNA | ||
| 650 | |a AYUDA ESTRUCTURAL | ||
| 650 | |a AMERICA LATINA | ||
| 773 | |g volumen 52, número 5; páginas 390-397 | ||
| 999 | |c 38286 |d 38286 | ||
